[Event "57.SMM ASD Arci BZ 1-Brixen/Milland"]
[Site "?"]
[Date "2026.01.10"]
[Round "5.1"]
[White "Brenninger, Daniel"]
[Black "Olivetti, Davide"]
[Result "0-1"]
[WhiteElo "2092"]
[BlackElo "2221"]
[PlyCount "78"]
[EventDate "2026.01.10"]

{[%evp 0,78,20,25,46,46,40,35,35,35,43,57,53,21,49,50,47,48,43,39,59,64,55,53,70,75,112,131,124,117,119,80,81,37,110,98,111,125,108,65,74,38,90,40,0,0,0,0,0,0,48,12,77,75,92,88,215,171,158,102,120,119,119,123,124,124,124,118,118,127,128,138,204,206,230,131,185,46,15,-274,-332]} 1. e4 c5 2. Nf3 Nc6 3. d4 cxd4 4. Nxd4 Nf6 5. Nc3 d6 6. Be2 e6 7. O-O Be7 8. Be3 O-O 9. Qd2 Bd7 10. Ndb5 Ne8 11. a4 a6 12. Na3 b6 13. Rfd1 Bc8 14. f4 Rb8 15. Bf3 Qc7 16. g4 Bd8 17. Rac1 Qe7 18. g5 Bc7 19. h4 Bb7 20. Qg2 f6 21. e5 fxg5 22. Bxc6 gxf4 23. Bxb7 fxe3 24. Bxa6 d5 25. Rf1 Rxf1+ 26. Rxf1 Qxh4 27. Nxd5 Bxe5 28. Nxe3 Bxb2 29. Nac4 Bd4 30. Qf3 Nf6 31. Qf4 Qxf4 32. Rxf4 e5 33. Rf3 e4 34. Rg3 Nd5 35. Kg2 Nb4 36. Bb5 Rf8 37. Nd2 Rf4 38. c4 Nd3 39. Ba6 Rf2+ 0-1

[Event "57.SMM ASD Arci BZ 1-Brixen/Milland"]
[Site "Bolzano"]
[Date "2026.01.10"]
[Round "5.2"]
[White "Perino, Alberto"]
[Black "Paulmichl, Martin"]
[Result "0-1"]
[WhiteElo "2022"]
[BlackElo "1943"]
[PlyCount "110"]
[EventDate "2026.01.10"]

{[%evp 0,110,20,19,66,38,41,15,15,-1,3,-14,-13,-116,-5,-24,4,0,0,0,0,0,2,-14,-4,-15,0,-2,5,-113,-74,-149,-68,-68,15,-11,-170,-331,-331,-426,-423,-472,-579,-514,-522,-523,-523,-525,-345,-748,-326,-335,-315,-321,-312,-332,-373,-373,-322,-322,-287,-313,-316,-339,-296,-261,-301,-290,-239,-293,-236,-218,-219,-234,-254,-256,-271,-280,-274,-294,-241,-291,-285,-292,-227,-216,-196,-231,-211,-222,-229,-243,-231,-273,-215,-228,-233,-243,-248,-292,-288,-310,-337,-381,-350,-406,-420,-517,-518,-29995,-29996,-29997,-29998]} 1. Nf3 f5 2. d3 Nc6 3. e4 e5 4. exf5 d5 5. g4 h5 6. Ng5 Nf6 7. f3 Bc5 8. Nc3 Qe7 9. Bg2 Bd7 10. a3 a5 11. Bd2 O-O-O 12. Kf1 Rhf8 13. b4 Bd4 14. b5 Na7 15. Rb1 hxg4 16. fxg4 Bxc3 17. Bxc3 Nxg4 18. Bd2 Rxf5+ 19. Ke1 Rxg5 20. Bxg5 Qxg5 21. h4 Qe3+ 22. Qe2 Qg3+ 23. Kd2 Nxb5 24. Bxd5 c6 25. Qf3 Qf4+ 26. Qxf4 exf4 27. Bf3 Ne3 28. Rbg1 Nd4 29. Bd1 Ndf5 30. Bf3 Be6 31. Be4 Bd5 32. Bxf5+ Nxf5 33. Rh3 Rd7 34. h5 b5 35. Rg4 f3 36. Rf4 Nd6 37. Rg3 Re7 38. Kd1 a4 39. Rgg4 Ne8 40. c4 bxc4 41. dxc4 Be6 42. Rg6 Kc7 43. Rxf3 Bxc4 44. Rc3 Bd5 45. Kd2 Nd6 46. Kc1 Ne4 47. Re3 Rf7 48. Re1 Kb6 49. Reg1 Rf5 50. Rxg7 Rxh5 51. Re7 Rh3 52. Re8 Rxa3 53. Rg4 Rc3+ 54. Kb2 a3+ 55. Kb1 Nd2+ 0-1

[Event "57.SMM ASD Arci BZ 1-Brixen/Milland"]
[Site "Bolzano"]
[Date "2026.01.10"]
[Round "5.3"]
[White "Kues, Jarl-Hendrik"]
[Black "Zammarchi, Massimo"]
[Result "1/2-1/2"]
[WhiteElo "2149"]
[BlackElo "1993"]
[PlyCount "46"]
[EventDate "2026.01.10"]

{[%evp 0,46,20,19,64,51,43,31,45,46,55,41,35,19,25,25,43,33,58,38,58,56,53,23,33,46,45,1,-1,-5,11,-2,16,-22,5,-40,-66,-69,-72,-101,-101,-88,1,-61,-64,-88,-1,-70,-66]} 1. Nf3 f5 2. e3 Nf6 3. Be2 d6 4. d4 g6 5. O-O Bg7 6. b3 O-O 7. Bb2 Ne4 8. c4 Nc6 9. Nc3 Nxc3 10. Bxc3 e5 11. dxe5 dxe5 12. Qd5+ Kh8 13. Qxd8 Rxd8 14. Ng5 Kg8 15. c5 Bf6 16. Nf3 a6 17. b4 Kg7 18. Rfd1 Be6 19. b5 axb5 20. Bxb5 Na7 21. Be2 Nc6 22. Bb5 Na7 23. Be2 Nc6 1/2-1/2

[Event "57.SMM ASD Arci BZ 1-Brixen/Milland"]
[Site "Bolzano"]
[Date "2026.01.10"]
[Round "5.4"]
[White "Reyna Hernandez, Sandor"]
[Black "Wisthaler, Lukas"]
[Result "1/2-1/2"]
[WhiteElo "1905"]
[BlackElo "1907"]
[PlyCount "132"]
[EventDate "2026.01.10"]

{[%evp 0,132,20,-19,3,-3,44,34,38,32,17,13,13,-43,-1,-7,5,-62,-51,-25,-34,-12,-5,-23,68,-50,-50,-56,44,44,69,12,78,17,17,34,21,15,50,36,81,60,106,44,53,30,50,36,36,32,45,36,59,16,53,2,-10,-29,17,6,60,-9,-10,-24,31,-35,-29,-36,-26,-26,-35,-25,-27,-19,-22,-26,-25,-30,-20,-20,-20,-20,-20,-24,-24,-28,-28,-23,-18,-17,-18,-73,-73,-64,-64,-73,-68,-68,-68,-40,-40,-40,-39,-28,-28,-28,-28,-13,-13,-13,0,0,0,0,0,0,0,0,0,0,0,0,0,0,0,0,0,0,0,0,0,0,0,0,0]} 1. c4 Nf6 2. Nc3 c6 3. d4 d5 4. cxd5 cxd5 5. e3 Nc6 6. f4 e6 7. Bd3 Be7 8. Qf3 a6 9. Nge2 b5 10. O-O Bb7 11. g4 Qd7 12. Bd2 b4 13. Nd1 g6 14. Nf2 a5 15. Ng3 Kd8 16. Qe2 h5 17. g5 Ne8 18. h4 Nc7 19. a3 Ba6 20. Rfc1 Bd6 21. Kg2 Ke7 22. a4 Rhb8 23. b3 Kf8 24. Bxa6 Nxa6 25. Ra2 Qb7 26. Nd3 Ne7 27. Kh3 Rc8 28. Rf1 Qd7 29. Ne5 Qb7 30. Qd3 Nb8 31. Qe2 Kg7 32. Rc1 Rxc1 33. Bxc1 Nd7 34. Rc2 Rc8 35. Bb2 Nxe5 36. fxe5 Rxc2 37. Qxc2 Bc7 38. Qd3 Qc6 39. Qe2 Qd7 40. Qa6 Qc6 41. Qxc6 Nxc6 42. Kg2 Kf8 43. Kf3 Bb6 44. Ne2 Ne7 45. Nf4 Nf5 46. Ng2 Ke7 47. Kf4 Kd7 48. Kf3 Ke7 49. Kf2 Kd7 50. Ke2 Kc6 51. Kd3 Ba7 52. Bc1 Bb6 53. Bd2 Ng3 54. Be1 Ne4 55. Nf4 Bd8 56. Ne2 Be7 57. Ng3 Nxg3 58. Bxg3 Bd8 59. Ke2 Be7 60. Be1 Bd8 61. Kf3 Be7 62. Bd2 Bd8 63. Ke2 Be7 64. Kd3 Bd8 65. e4 Bb6 66. Be3 Bd8 1/2-1/2

[Event "57.SMM ASD Arci BZ 1-Brixen/Milland"]
[Site "Bolzano"]
[Date "2026.01.10"]
[Round "5.5"]
[White "Kofler, Oswald"]
[Black "Benvenuto, Alexander"]
[Result "1-0"]
[WhiteElo "1861"]
[BlackElo "1805"]
[PlyCount "243"]
[EventDate "2026.01.10"]

{[%evp 0,167,20,20,25,-11,48,9,34,34,42,46,53,26,37,42,29,-4,-2,-21,-10,-57,-65,-52,-40,-46,-46,-48,-15,-13,12,12,23,13,11,7,26,-20,9,3,5,-2,-13,-83,-58,-77,-80,-79,-81,-95,-90,-86,-68,-82,-78,-82,-78,-88,-15,-85,-66,-74,-8,-5,38,-31,0,-6,0,0,0,-27,0,-6,26,-3,-2,-13,33,21,81,76,71,68,101,101,113,104,122,160,142,148,158,99,93,59,63,70,74,66,74,74,75,70,68,74,86,83,203,150,263,277,277,220,271,271,271,271,247,247,247,247,247,247,247,258,258,258,258,258,258,258,258,258,258,258,418,258,365,80,84,85,85,86,89,89,90,89,89,89,178,190,203,209,209,228,245,212,245,245,245,245,303,245,247,248,248,236,249,248]} 1. d4 d5 2. c4 c6 3. Nc3 e6 4. e3 Nf6 5. Nf3 Bd6 6. Be2 Nbd7 7. O-O O-O 8. cxd5 exd5 9. Bd3 Re8 10. Re1 Ne4 11. Qc2 f5 12. a3 Ndf6 13. b4 a6 14. Bb2 Be6 15. Ne5 Nd7 16. f3 Nxc3 17. Bxc3 Qf6 18. e4 Nxe5 19. dxe5 Bxe5 20. Bxe5 Qxe5 21. exd5 Qxd5 22. Rad1 Qd4+ 23. Kh1 Qf6 24. Rxe6 Rxe6 25. Bc4 Kh8 26. Bxe6 Qxe6 27. Qd3 Re8 28. h3 h6 29. Qd4 Qe2 30. Qd7 f4 31. Kh2 Re6 32. Rg1 Re7 33. Qc8+ Kh7 34. Qf5+ Kg8 35. Qxf4 Rf7 36. Qg3 Qb2 37. f4 Qd4 38. Rf1 b6 39. f5 Qd5 40. Qb8+ Kh7 41. Qxb6 Rxf5 42. Qxa6 Rg5 43. Qe2 Re5 44. Qc2+ Kg8 45. Rd1 Qe6 46. Rc1 Re3 47. Qc4 Qxc4 48. Rxc4 Rxa3 49. Rxc6 Rb3 50. Rb6 Kf7 51. Rb7+ Kf6 52. b5 g5 53. b6 Kg6 54. Rb8 h5 55. b7 Kg7 56. Kg1 h4 57. Kf1 Kh7 58. Ke1 Kg7 59. Ke2 Kh7 60. Kd2 Kg7 61. Kc2 Rb5 62. Kc3 Kh7 63. Kc4 Rb1 64. Kd5 Kg7 65. Ke6 Rb2 66. Kf5 Rb5+ 67. Kg4 Rb2 68. Kh5 Kh7 69. Rc8 Rxb7 70. Rc5 Rb4 71. Rxg5 Rc4 72. Rg4 Rc2 73. Kxh4 Rc6 74. Rg5 Rc4+ 75. Kh5 Rc6 76. h4 Rh6+ 77. Kg4 Ra6 78. g3 Ra4+ 79. Kh5 Ra6 80. Rb5 Rf6 81. Kg4 Rg6+ 82. Kh3 Rc6 83. Re5 Rb6 84. Kg4 Rg6+ 85. Kf4 Rf6+ 86. Rf5 Ra6 87. g4 Kg7 88. g5 Kg6 89. Rf8 Ra4+ 90. Kg3 Ra3+ 91. Kg4 Ra4+ 92. Rf4 Ra6 93. h5+ Kg7 94. Re4 Rb6 95. Re7+ Kf8 96. Re5 Kg7 97. Kf5 Rb7 98. h6+ Kh7 99. Kf6 Rb6+ 100. Re6 Rb8 101. Re7+ Kh8 102. Kf7 Rf8+ 103. Kg6 Rg8+ 104. Kf6 Rf8+ 105. Rf7 Rb8 106. g6 Rb6+ 107. Kg5 Rb5+ 108. Rf5 Rb8 109. g7+ Kh7 110. Rf8 Rb5+ 111. Kf4 Rb4+ 112. Ke5 Rb5+ 113. Kd4 Rb4+ 114. Kc5 Rg4 115. Rh8+ Kg6 116. g8=Q+ Kh5 117. Qxg4+ Kxg4 118. Rf8 Kg5 119. h7 Kg6 120. h8=Q Kg5 121. Qg7+ Kh5 122. Rh8# 1-0

[Event "57.SMM ASD Arci BZ 1-Brixen/Milland"]
[Site "Bolzano"]
[Date "2026.01.10"]
[Round "5.6"]
[White "De Nisi, Roberta"]
[Black "Hellweg, Stephan"]
[Result "1-0"]
[WhiteElo "1844"]
[BlackElo "1811"]
[PlyCount "173"]
[EventDate "2026.01.10"]

{[%evp 0,148,20,26,26,-16,42,44,44,41,41,14,6,3,14,21,45,39,38,38,70,23,63,54,50,51,65,18,26,47,63,92,92,85,101,-18,33,38,51,38,27,13,32,-12,-3,-56,-68,-30,-24,-83,-73,-83,-55,-78,-48,-60,-42,-73,-65,-62,-65,-65,-65,-103,-103,-153,-139,-167,-153,-163,-173,-297,-67,-67,-74,-76,-78,-85,-88,-103,-99,-99,-78,-75,-73,-70,-72,-66,-78,-80,-104,-130,-134,-185,-193,-200,-215,-216,-216,-238,-92,-182,-114,-107,-83,-127,-119,-127,-79,-102,-147,-117,-22,-200,-198,-194,-108,-102,-32,-39,22,20,68,57,66,65,124,48,33,29,38,21,76,0,107,8,107,41,170,0,0,0,175,175,175,175,173,173,171,191,216]} 1. d4 Nf6 2. c4 g6 3. Nc3 Bg7 4. e4 d6 5. f3 O-O 6. Be3 e5 7. d5 c6 8. Qd2 cxd5 9. cxd5 Nh5 10. O-O-O a6 11. Kb1 Nd7 12. g4 Nf4 13. h4 b5 14. Rc1 Rb8 15. Nce2 Nxe2 16. Nxe2 Nb6 17. Bxb6 Rxb6 18. Ng3 Qf6 19. Qe3 Rb8 20. g5 Qe7 21. Qc3 f6 22. gxf6 Qxf6 23. Be2 Bb7 24. Rcg1 Rbc8 25. Qd2 Qf4 26. Nf1 Bh6 27. Qxf4 Bxf4 28. Nh2 Rc7 29. Ng4 Bc8 30. Nf2 Be3 31. Rh2 Bd7 32. Rf1 Rfc8 33. Nd3 b4 34. b3 a5 35. Rd1 Bb5 36. Nxb4 Bf4 37. Bxb5 Bxh2 38. Nc6 Ra8 39. a4 Rf7 40. Be2 Rf4 41. h5 gxh5 42. Rh1 Bg3 43. Rxh5 Bh4 44. Rh6 Bf6 45. Rh3 Rh4 46. Rg3+ Kf7 47. Kc2 Rh2 48. Kd3 h5 49. Bf1 Rb2 50. Kc3 Rf2 51. Bh3 Bh4 52. Be6+ Kf6 53. Rh3 Bg5 54. Kc4 Rc2+ 55. Kb5 Be3 56. b4 axb4 57. Kxb4 Ra2 58. a5 Rb2+ 59. Kc3 Rb5 60. Rxh5 Rc5+ 61. Kd3 Bg5 62. Rh7 Rf8 63. Bg4 Rf7 64. Rxf7+ Kxf7 65. a6 Rb5 66. Kc4 Rc5+ 67. Kd3 Rb5 68. a7 Rb3+ 69. Ke2 Ra3 70. Bc8 Be3 71. a8=Q Rxa8 72. Be6+ Kf6 73. Kxe3 Ra3+ 74. Kf2 Kg5 75. Bg4 Kf4 76. Ke2 Re3+ 77. Kf2 Ra3 78. Nd8 Ra2+ 79. Kf1 Kg3 80. Nf7 Ra6 81. Ke2 Kf4 82. Kd3 Rb6 83. Kc4 Ke3 84. Nxe5 dxe5 85. Kc5 Rb1 86. Kc6 Rc1+ 87. Kd7 1-0

[Event "57.SMM CSK Merania-Kaltern/Tramin"]
[Site "?"]
[Date "2026.01.10"]
[Round "5.1"]
[White "Lezzerini, Marco"]
[Black "Bonagura, Stefano"]
[Result "0-1"]
[WhiteElo "2071"]
[BlackElo "2160"]
[PlyCount "48"]
[EventDate "2025.11.15"]
[SourceVersionDate "2024.11.03"]

{[%evp 0,48,19,31,73,68,88,81,123,63,99,81,77,75,74,20,44,32,45,23,53,16,10,25,0,-14,20,4,29,-8,0,-24,-48,-107,-79,-99,-110,-118,-110,-101,-76,-122,-150,-145,-138,-156,-147,-248,-270,-285,-246]} 1. d4 g6 2. e4 Bg7 3. Nc3 c6 4. Bc4 d6 5. Qf3 e6 6. Nge2 Nf6 7. Bg5 h6 8. Bh4 Nbd7 9. Rd1 Qc7 10. a4 a6 11. O-O b5 12. Bb3 Bb7 13. Bg3 O-O 14. h3 e5 15. axb5 axb5 16. d5 b4 17. dxc6 Bxc6 18. Nd5 Nxd5 19. Bxd5 Nf6 20. c4 Bxd5 21. cxd5 Qc2 22. Rd3 Ra2 23. Rfd1 Rxb2 24. Nc1 Rb1 0-1

[Event "57.SMM CSK Merania-Kaltern/Tramin"]
[Site "?"]
[Date "2026.01.10"]
[Round "5.2"]
[White "Lami, Damiano"]
[Black "Zucchelli, Massimo"]
[Result "1-0"]
[WhiteElo "2093"]
[BlackElo "2071"]
[PlyCount "65"]
[EventDate "2025.11.15"]
[SourceVersionDate "2024.11.03"]

{[%evp 0,65,39,35,50,2,36,18,15,19,32,22,42,17,30,25,14,17,9,4,-8,-20,-17,-14,-23,-10,-4,-15,-22,-5,-2,-4,1,10,65,62,72,72,63,76,64,64,71,59,94,46,59,43,39,31,74,65,99,22,24,3,3,0,0,0,9,6,135,181,972,978,1000,1021]} 1. e4 e6 2. d3 c5 3. Be2 Nc6 4. f4 d6 5. Nf3 g6 6. O-O Bg7 7. c3 Nge7 8. Be3 O-O 9. Na3 b6 10. Qe1 Ba6 11. d4 Bxe2 12. Qxe2 cxd4 13. cxd4 d5 14. e5 Qd7 15. g4 Rfc8 16. Nb5 f6 17. exf6 Bxf6 18. Ne5 Qd8 19. Rac1 a6 20. Nc3 Qd6 21. Kh1 Na5 22. Na4 Nc4 23. b3 Nxe3 24. Qxe3 Ra7 25. Rxc8+ Nxc8 26. Rc1 Rc7 27. Rc3 Ne7 28. Qc1 Rxc3 29. Qxc3 g5 30. fxg5 Bxg5 31. Qf3 Qc7 32. Qf7+ Kh8 33. Qf8+ 1-0

[Event "57.SMM CSK Merania-Kaltern/Tramin"]
[Site "?"]
[Date "2026.01.10"]
[Round "5.3"]
[White "Panjkovic, Aleksandar"]
[Black "Zuev, Mikhail"]
[Result "1/2-1/2"]
[WhiteElo "2057"]
[BlackElo "1917"]
[PlyCount "64"]
[EventDate "2025.11.15"]
[SourceVersionDate "2024.11.03"]

{[%evp 0,64,35,25,22,22,27,41,27,22,43,30,22,25,14,10,29,35,87,57,63,65,81,32,36,32,27,30,22,18,36,19,14,5,14,-5,14,4,16,2,0,26,27,12,12,12,6,14,11,5,3,5,-16,-9,-12,-23,-22,-53,-22,-28,-8,-30,-45,-65,-81,-117,-131]} 1. Nf3 d5 2. d4 Bf5 3. e3 e6 4. Bd3 Nf6 5. Bxf5 exf5 6. Qd3 Qc8 7. O-O g6 8. c4 c6 9. Nc3 a6 10. Bd2 Bg7 11. Rac1 dxc4 12. Qxc4 O-O 13. Qb3 Nbd7 14. Rfd1 Re8 15. Be1 h6 16. Nd2 b5 17. a4 Rb8 18. axb5 axb5 19. Qc2 c5 20. Ne2 cxd4 21. Qxc8 Rexc8 22. Rxc8+ Rxc8 23. Nxd4 Nd5 24. N2f3 N7b6 25. b3 b4 26. Ra1 Nd7 27. Bd2 Nc5 28. Rc1 Bf8 29. Ra1 Ne4 30. Be1 f4 31. Nd2 Nec3 32. Nc4 Bg7 1/2-1/2

[Event "57.SMM CSK Merania-Kaltern/Tramin"]
[Site "?"]
[Date "2026.01.10"]
[Round "5.4"]
[White "Wieser, Christoph"]
[Black "Maier, Fridolin"]
[Result "1-0"]
[WhiteElo "1882"]
[BlackElo "1905"]
[PlyCount "45"]
[EventDate "2025.11.15"]
[SourceVersionDate "2024.11.03"]

{[%evp 0,45,20,28,18,22,16,15,31,38,25,-34,21,-12,-12,-8,-7,-7,16,12,13,13,23,-48,23,7,14,0,-1,-34,-6,-244,1,1,1,-81,137,135,138,139,148,148,388,394,394,397,1019,614]} 1. e4 e5 2. Nc3 Nf6 3. Bc4 Nxe4 4. Qh5 Nd6 5. Bb3 Be7 6. Nf3 Nc6 7. Nxe5 g6 8. Qe2 Nd4 9. Qg4 Nxb3 10. axb3 c6 11. Qf3 Bf6 12. Ng4 Bg7 13. d3 Nf5 14. Be3 d5 15. Bxa7 b6 16. O-O h5 17. Qe2+ Ne7 18. Bxb6 Bxg4 19. Bxd8 Bxe2 20. Rxa8 Bxc3 21. bxc3 Kd7 22. Re1 Ng8 23. Bf6 1-0

[Event "57.SMM CSK Merania-Kaltern/Tramin"]
[Site "?"]
[Date "2026.01.10"]
[Round "5.5"]
[White "Bertagnolli, Gerhard"]
[Black "Battiston, Claudio"]
[Result "1/2-1/2"]
[WhiteElo "1940"]
[BlackElo "1878"]
[PlyCount "58"]
[EventDate "2025.11.15"]
[SourceVersionDate "2024.11.03"]

{[%evp 0,58,20,26,26,-20,44,44,41,7,29,27,14,34,42,34,51,24,44,50,49,40,52,9,-5,-37,31,-6,-7,-29,-33,-23,0,-2,-8,-3,-3,-1,1,-7,0,2,22,36,16,-28,-16,-22,-16,-19,-18,-27,-13,-21,-13,-17,77,-6,-22,-46,-30]} 1. d4 Nf6 2. c4 g6 3. Nc3 Bg7 4. g3 d6 5. Bg2 O-O 6. Nf3 Nbd7 7. O-O e5 8. e3 c6 9. b3 e4 10. Nd2 d5 11. f4 Nb6 12. h3 Nh5 13. Kh2 f5 14. Bb2 Be6 15. Qe2 Qd7 16. c5 Nc8 17. b4 Ne7 18. a4 Nf6 19. Nb3 h5 20. Kg1 h4 21. gxh4 Kf7 22. Kf2 Rh8 23. Ke1 Rxh4 24. Kd2 Rah8 25. Kc2 Nh7 26. Qf2 Rh6 27. Ne2 g5 28. Bc3 Ng6 29. Bd2 Qc7 1/2-1/2

[Event "57.SMM CSK Merania-Kaltern/Tramin"]
[Site "?"]
[Date "2026.01.10"]
[Round "5.6"]
[White "Wild, Alex"]
[Black "Thaler, Elmar"]
[Result "0-1"]
[WhiteElo "1763"]
[BlackElo "1869"]
[PlyCount "58"]
[EventDate "2025.11.15"]
[SourceVersionDate "2024.11.03"]

{[%evp 0,58,20,19,73,63,76,-40,25,-26,-9,13,42,38,47,41,68,55,70,0,-33,-41,-38,-85,-133,-139,-138,-244,-237,-340,-233,-543,-547,-614,-614,-628,-632,-636,-272,-819,-757,-750,-761,-891,-908,-1028,-743,-845,-782,-812,-784,-835,-809,-818,-692,-718,-702,-706,-714,-1452,-734]} 1. e4 c6 2. Nc3 d5 3. Qf3 e6 4. Qg3 Nd7 5. Nf3 Ne7 6. d3 Ng6 7. h4 h5 8. Be2 Be7 9. e5 d4 10. Ne4 Ndxe5 11. Nfg5 f5 12. f4 Ng4 13. Bxg4 hxg4 14. Nd2 Qc7 15. Nc4 Bxg5 16. Ne5 Bxh4 17. Rxh4 Nxh4 18. Bd2 Nf3+ 19. Nxf3 Rh1+ 20. Kf2 Rxa1 21. Ne5 Rh1 22. Nxg4 Qe7 23. Nh2 Bd7 24. Qg6+ Qf7 25. Qg3 O-O-O 26. Nf3 Rdh8 27. Nxd4 Qf6 28. Bc3 Qh4 29. Nf3 Qxg3+ 0-1

[Event "57.SMM Deutschnofen/Alp-J.Richter/L BZ"]
[Site "?"]
[Date "2026.01.10"]
[Round "5.1"]
[White "De Eccher, Stefano"]
[Black "Zamengo, Fulvio"]
[Result "0-1"]
[WhiteElo "2170"]
[BlackElo "2366"]
[PlyCount "59"]
[EventDate "2025.11.08"]

{[%evp 0,59,11,8,37,29,30,22,49,13,9,33,32,27,32,16,30,14,20,-13,-14,-14,-2,2,5,-28,-12,-12,-13,-15,-24,-24,-10,-8,-25,-23,-14,-24,-8,-32,-14,-49,-45,-30,-39,-43,-13,-7,-27,-15,101,104,-125,-381,-394,-433,-477,-527,-670,-29993,-548,-29993]} 1. e4 e6 2. d4 d5 3. Nc3 Nf6 4. Bg5 dxe4 5. Nxe4 Nbd7 6. Nf3 h6 7. Nxf6+ Nxf6 8. Bh4 Be7 9. Be2 O-O 10. O-O b6 11. Ne5 Bb7 12. Bf3 Bxf3 13. Nxf3 Qd5 14. c3 Rfd8 15. Qe2 c5 16. c4 Qh5 17. dxc5 Qxc5 18. Rfd1 a6 19. b3 b5 20. cxb5 axb5 21. Rxd8+ Rxd8 22. Rd1 Ra8 23. Ne5 Nd5 24. Qh5 Rf8 25. Nd7 Qc2 26. Bxe7 Nf4 27. Nxf8 Nxh5 28. Re1 Nf4 29. h3 Qc7 30. Ba3 0-1

[Event "57.SMM Deutschnofen/Alp-J.Richter/L BZ"]
[Site "?"]
[Date "2026.01.10"]
[Round "5.2"]
[White "Lain, Luigi"]
[Black "Unterweger, Jonas"]
[Result "1-0"]
[WhiteElo "2270"]
[BlackElo "2037"]
[PlyCount "125"]
[EventDate "2025.11.08"]

{[%evp 0,125,21,21,20,-14,-14,4,6,-26,-5,-45,22,-46,-18,-12,30,26,43,32,32,32,33,29,24,26,18,12,42,37,43,2,7,19,38,-14,-2,-18,5,-34,-1,-66,16,-6,258,133,192,192,99,177,202,185,185,60,111,-18,-2,0,0,0,0,0,0,-64,-71,-77,-44,-67,-47,-40,19,0,8,12,-1,20,0,1,46,26,65,72,72,76,83,83,91,74,91,89,97,98,99,99,97,85,83,81,79,79,78,79,60,68,72,64,32,0,0,155,155,155,170,170,165,284,338,382,408,473,792,984,1016,1016,1016,818,839,1014]} 1. d4 d5 2. c4 e6 3. Nc3 Nf6 4. cxd5 exd5 5. Bg5 Be7 6. Qc2 O-O 7. e3 c6 8. Bd3 Nbd7 9. Nge2 Re8 10. O-O Nf8 11. Rae1 g6 12. f3 Ne6 13. Bh4 Ng7 14. Bf2 b5 15. Kh1 Bb7 16. e4 a6 17. a4 b4 18. Nb1 Rc8 19. Nd2 c5 20. dxc5 Ne6 21. Nb3 Nxc5 22. Bxc5 Bxc5 23. Nxc5 Qe7 24. e5 Qxe5 25. Rc1 Qe3 26. Rfe1 Kg7 27. Ng1 Rxc5 28. Qxc5 Qxc5 29. Rxc5 Rxe1 30. Rc7 Ba8 31. Bxa6 d4 32. Rc2 Ra1 33. Bb5 Nd5 34. Rd2 Nf4 35. h4 Ne6 36. Kh2 Kf6 37. Ne2 Ke5 38. Kg3 Bd5 39. f4+ Ke4 40. Kf2 Bb3 41. Bc6+ Kf5 42. Nxd4+ Nxd4 43. Rxd4 Bxa4 44. Bd5 Rd1 45. Be4+ Ke6 46. Rxb4 Bd7 47. Rb6+ Ke7 48. Rb7 Kd6 49. Bf3 Rh1 50. g3 Rh2+ 51. Ke3 h5 52. Rb3 Rh3 53. Rd3+ Ke7 54. Rxd7+ Kxd7 55. Kf2 Rh2+ 56. Bg2 Kd6 57. Kg1 Rxg2+ 58. Kxg2 Kd5 59. Kf3 Kd4 60. f5 Ke5 61. fxg6 fxg6 62. Ke3 Kf5 63. b4 1-0

[Event "57.SMM Deutschnofen/Alp-J.Richter/L BZ"]
[Site "?"]
[Date "2026.01.10"]
[Round "5.3"]
[White "Unterweger, Christian"]
[Black "Gennari, Jacopo"]
[Result "0-1"]
[WhiteElo "1794"]
[BlackElo "2128"]
[PlyCount "63"]
[EventDate "2025.11.08"]

{[%evp 0,63,20,20,14,39,27,15,13,-12,42,7,11,4,42,-27,-8,-9,1,-8,9,6,2,11,26,13,16,9,-3,-33,11,2,33,5,30,30,18,-3,54,57,-33,-58,-78,-54,25,-180,-182,-182,-182,-180,-185,-176,-180,-194,-192,-210,-246,-258,-265,-229,-262,-249,-242,-242,-262,-312]} 1. d4 d5 2. Nf3 Nf6 3. e3 Bf5 4. c4 c6 5. Nc3 e6 6. Nh4 Bg4 7. Nf3 Nbd7 8. h3 Bh5 9. Be2 Bd6 10. O-O O-O 11. b3 Qe7 12. Bb2 Rfe8 13. Rc1 Rad8 14. cxd5 Nxd5 15. Ne4 Bb8 16. Re1 Bxf3 17. Bxf3 e5 18. Qe2 f5 19. Ng3 e4 20. Nxf5 Qg5 21. Bg4 N7f6 22. Ng3 Bxg3 23. fxg3 h5 24. Bxh5 Nxh5 25. g4 Nhf6 26. Rc4 Re6 27. Bc1 b5 28. Rc5 Nd7 29. Rc2 Nb4 30. Rd2 Nd3 31. Rf1 Rf6 32. Ba3 0-1

[Event "57.SMM Deutschnofen/Alp-J.Richter/L BZ"]
[Site "?"]
[Date "2026.01.10"]
[Round "5.4"]
[White "Micheli, Carlo"]
[Black "Anrather, Eva"]
[Result "1-0"]
[WhiteElo "2123"]
[BlackElo "1597"]
[PlyCount "49"]
[EventDate "2025.11.08"]

{[%evp 0,49,20,6,-24,-51,-40,-52,6,-3,3,-3,-6,-5,-5,-12,-10,-13,-7,-8,53,28,64,55,52,45,64,52,47,10,81,62,63,76,76,81,90,94,97,80,73,52,86,83,92,105,109,107,200,85,458,462]} 1. c4 e5 2. g3 Nf6 3. Bg2 Be7 4. Nc3 O-O 5. d3 d6 6. Nf3 Nc6 7. Rb1 a6 8. O-O Rb8 9. b4 Na7 10. Be3 b6 11. h3 Bb7 12. Qc2 h6 13. a4 Nc6 14. Nd5 Nxd5 15. cxd5 Na7 16. Nd2 Rc8 17. Nc4 Bg5 18. f4 exf4 19. gxf4 Bh4 20. Kh1 Re8 21. Bg1 Qe7 22. e4 Rcd8 23. Ne3 Bc8 24. Rfc1 c6 25. dxc6 1-0

[Event "57.SMM Deutschnofen/Alp-J.Richter/L BZ"]
[Site "?"]
[Date "2026.01.10"]
[Round "5.6"]
[White "Kowalczyk, Martin"]
[Black "Thurner, Markus"]
[Result "1/2-1/2"]
[WhiteElo "1857"]
[BlackElo "1958"]
[PlyCount "37"]
[EventDate "2025.11.08"]

{[%evp 0,37,20,4,63,51,74,19,36,46,39,42,38,46,48,31,37,22,22,40,35,41,31,24,20,21,19,1,-1,-70,-81,-81,-45,-101,-64,-63,-80,-80,-70,-86]} 1. e4 c6 2. d4 d5 3. Nc3 dxe4 4. Nxe4 Bf5 5. Ng3 Bg6 6. h4 h6 7. h5 Bh7 8. Nf3 Nd7 9. Bd3 Bxd3 10. Qxd3 Qc7 11. Bd2 Ngf6 12. O-O-O e6 13. Rhe1 O-O-O 14. Ne5 Nxe5 15. Rxe5 Bd6 16. Re2 c5 17. Ne4 Be7 18. Nxf6 Bxf6 19. Qa3 1/2-1/2

[Event "57.SMM Deutschnofen/Alp-J.Richter/L BZ"]
[Site "?"]
[Date "2026.01.10"]
[Round "5.6"]
[White "Welsch, Ulrich"]
[Black "Narduzzo, Marco"]
[Result "1-0"]
[WhiteElo "1859"]
[BlackElo "1496"]
[PlyCount "70"]
[EventDate "2025.11.08"]

{[%evp 0,70,20,27,27,-6,-7,-14,19,-3,30,31,49,7,24,21,13,17,-2,-9,10,-16,-16,-11,56,73,92,44,72,82,87,88,115,106,163,177,258,233,240,96,134,47,79,77,108,99,115,77,85,24,137,110,146,124,114,75,130,121,146,87,113,97,97,121,114,113,113,114,488,482,611,611,29991]} 1. d4 d5 2. g3 Nf6 3. Bg2 e6 4. Nf3 Nbd7 5. O-O Bd6 6. c4 c6 7. Qc2 O-O 8. Nbd2 Re8 9. e4 dxe4 10. Nxe4 Nxe4 11. Qxe4 Nf6 12. Qc2 Qc7 13. Bg5 Qe7 14. Rfe1 h6 15. Bd2 Qd7 16. Rad1 b6 17. Ne5 Bxe5 18. dxe5 Nh7 19. Bh3 Qc7 20. Bc1 Bb7 21. c5 Red8 22. Rd6 bxc5 23. Red1 Rxd6 24. Rxd6 a6 25. Be3 Rd8 26. Bxc5 Rxd6 27. Bxd6 Qd7 28. Qc5 f6 29. Bf1 Ng5 30. Bg2 fxe5 31. h4 Nf7 32. Bxe5 Qd1+ 33. Kh2 Qe2 34. Bc3 Qb5 35. Qe7 e5 1-0